000 00613nam a2200217Ia 4500
005 20260429112205.0
008 260429s9999||||xx |||||||||||||| ||und||
020 _a9789391061043
041 _aEnglish
082 _a420
_bBHA
100 _aBhardwaj, A. P.
245 0 _aEnglish wizard (Descriptive and Objective) :
_bfor competitive examinations /
_cA. P. Bhardwaj
250 _a1st ed.
260 _aHaryana :
_bG K Publications (P) Ltd,
_c2021.
300 _ap.; pbk
650 _a Aptitude
650 _a Competitive examinations
650 _a Grammar
650 _aEnglish language
942 _cTB
999 _c52813
_d52813